000 00727nam a2200205Ia 4500
003 GCL
008 140319s9999 xx 000 0 ara d
020 _a5544208977
040 _aGCL /
_cGCL
082 0 4 _a953
_bع ر
100 1 _aعاصم محمد رزق
245 1 0 _aرايات الاسلام من اللواء النبوى الابيض إلى العلم العثمانى الاحمر /
_cعاصم محمد رزق
250 _aالاولى
260 _aالقاهرة :
_bمكتبة مدبولى ،
_c2006
300 _a481 ص ؛
_c24 سم
650 0 4 _aالتاريخ الاسلامى
650 0 4 _aالغزوات الاسلامية
650 0 4 _aالاعلام والرايات الدينية
942 _2ddc
_cBK
999 _c9523
_d9523